MATLAB PROGRAMMING (Record no. 1944)

MARC details
000 -LEADER
Fixed length control field 00491nam a2200181 4500
003 - CONTROL NUMBER IDENTIFIER
Control field SEACOMEC
005 - DATE AND TIME OF LATEST TRANSACTION
Control field 20250117131333.0
008 - FIXED-LENGTH DATA ELEMENTS--GENERAL INFORMATION
Fixed length control field 250117b |||||||| |||| 00| 0 eng d
020 ## - INTERNATIONAL STANDARD BOOK NUMBER / ISBN
Price 250.00
International Standard Book Number 8120330811
040 ## - CATALOGING SOURCE
Original cataloging agency SEACOMEC
082 ## - DEWEY DECIMAL CLASSIFICATION NUMBER
Classification number 003.3543
Book Number S617
100 ## - MAIN ENTRY--PERSONAL NAME
Personal name Singh, Y. Kirani
245 1# - TITLE STATEMENT
Title MATLAB PROGRAMMING
Sub title / Y. KIRANI SINGH, & B. B. CHAUDHURI
260 ## - IMPRINT
Place of publication New Delhi
Name of publisher PHI Learning Pvt.
Date of publication 2001
300 ## - PHYSICAL DESCRIPTION
Page / Vol. No 388 p
650 ## - SUBJECT ADDED ENTRY--TOPICAL TERM
Topical term Computer Science
Form subdivision Systems
942 ## - ADDED ENTRY ELEMENTS (KOHA)
Koha item type Books
Holdings
Withdrawn status Lost status Source of classification Damaged status Not for loan Home library Current library Date acquired Total Checkouts Call number Accession number Date last seen Price effective from Koha item type Copy number
    Dewey Decimal Classification     SEACOM ENGINEERING COLLEGE SEACOM ENGINEERING COLLEGE 24/07/2008   003.3543 S617 11906 17/01/2025 17/01/2025 Books  
    Dewey Decimal Classification     SEACOM ENGINEERING COLLEGE SEACOM ENGINEERING COLLEGE 24/07/2008   003.3543 S617 11907 17/01/2025 17/01/2025 Books 1
    Dewey Decimal Classification     SEACOM ENGINEERING COLLEGE SEACOM ENGINEERING COLLEGE 24/07/2008   003.3543 S617 11908 17/01/2025 17/01/2025 Books 2
    Dewey Decimal Classification     SEACOM ENGINEERING COLLEGE SEACOM ENGINEERING COLLEGE 24/07/2008   003.3543 S617 11909 17/01/2025 17/01/2025 Books 3
© Seacom Engineering College, All rights reserved.      Powered by Koha